Quizzes
Events
Quiz Creation
Community
Videos
Private Events
Remove Ads
Sign In
Join for FREE
Feedback
Dark Mode
Quiz Categories
Sports
Geography
Music
Movies
Television
Just For Fun
Miscellaneous
History
Literature
Language
Science
Gaming
Entertainment
Religion
Holiday
For Kids
Quiz Lab
Recent
Popular Today
Quiz Kudos Today
Editor Picks
Curator Picks
Quizzes by...
Day
Popularity
Type
Ratings
Length
Year
Community
Subscriptions
Recent Discussions
Orange Saloon
Badges
Playlists
Quests
Create
Leaderboards
Showdown
Live 5
Trivia Bingo
Activity
Puzzle Library
Sporcle Events
Private Events
Virtual Trivia
Globe League
Become a Host
Pub Owners
SporcleCon
Opinionation
Our Games
Videos
Blog
Mobile Apps
Partnerships
Remove Ads and Go Orange
Feedback
Literature
Harry Potter
A Song of Ice and Fire
The Hunger Games
Literary Character
Shakespeare
Book
Author
Novel
Poem
Young Adult
Children's Books
Play
Lord of the Rings
Literature
Harry Potter
A Song of Ice and Fire
The Hunger Games
Literary Character
Shakespeare
Book
Author
Novel
Poem
Young Adult
Children's Books
Play
Lord of the Rings
Random Quiz
Search Sporcle
×
Quiz Lab
Quiz Lab
Literature
alanna
Type in answers that appear in a list
Type in answers that appear in a list
Classic
Best Score? Go Orange.
SOTL - Alanna Trivia 1 Stats
Difficult trivia from Alanna - The First Adventure (SOTL)
By
siobhangraham
10m
20 Questions
83 Plays
83 Plays
83 Plays
Comments
Comments
Give Quiz Kudos
Give Quiz Kudos
-
- Ratings
hide this ad
Replay
Link that replays current quiz
Next Quiz
Link to next quiz in quiz playlist
You Got
0%
They Got
Avg Score
77%
Avg Friend Score
Upgrade to see
Score Distribution
Jump to the score distribution portion of the page
Score
0/20
Timer
10:00
0
Plays Today
Hint
Answer
% Correct
What does Alanna change her name to, when becoming a page?
Alan
100%
How much did Alanna pay George for Moonlight (and tack)?
10 Gold Nobles
94%
What is Jon's older cousin called?
Duke Roger of Conte
94%
How old is Alanna when she rides to Corus to become a page?
Ten
94%
How many other pages in the 'group' Alanna become friends with?
Five
91.6%
What colour is Thom's natural gift?
Purple
91.6%
What is the name of Myles barony?
Olau
91.6%
How old was George when he became King of the Rogue?
Seventeen
86.7%
What colour are George's eyes?
Hazel
86.7%
What is the name of the squire who left the palace, after being beaten in a fight by Alanna?
Ralon of Malvern
84.3%
Hint
Answer
% Correct
What are Jon's parents names?
King Roald and Queen Lianne
83.1%
What is Coram's surname?
Smythesson
78.3%
Who accompanied Thom to the convent in the City of Gods?
Maude Tanner
78.3%
In what city does Jon find out 'Alan' is a girl?
The Black City
77.1%
During the Sweating Sickness, which of Alanna's friends died?
Francis of Nond
71.1%
What is the name of Jon's horse?
Darkness
69.9%
What is the name of Alanna's original pony?
Chubby
53%
Myles taught the pages and squires: The _
_
_
_
of _
_
_
_
_
_
_
_
The Code of Chivalry
47%
What role is Gary's father (Duke Gareth of Naxon) have in King Roald's court?
Prime Minister
38.6%
What is the name of the 'Captain of the Palace Guard'?
Aram Sklaw
33.7%
Quiz Playlist
Details
Report
Send in Message
Add To Playlist
Classic:
Type in answers that appear in a list
Last Updated: Jun 24, 2017
Quiz Scoreboard
CHALLENGE
Sign Up to Join the Scoreboard
Show All
Scores
Hide
Comments
May contain spoilers
Recently Published
An Introduction to Baseball
by treessimontrees
Sports
5m
Movies - When Are They Set?
by FPL_Elf
Movies
5m
Popular People in 1961
by mucciniale
History
6m
More to Explore
Quiz From the Vault
Featured Blog Post
Where Did the Easter Bunny Come From?
hide this ad
You Might Also Like...
Tags
alanna
Tamora Pierce
tortall
Today's Top Quizzes in Literature
Browse Literature
hide this ad
Top Contributed Quizzes in Literature
1
Sneaky Slytherin Logic Puzzle
2
One Thing in Common: Literature
3
Get The Picture: Black or White Literature
4
One Thing in Common: Literature 3
5
Harry Potter Neighbourly Logic Puzzle #3
6
One Thing in Common: Literature II
7
One Thing in Common: Books
8
Harry Potter Neighbourly Logic Puzzle #5
9
Weasley Family Reunion: Logic Puzzle
10
7 to 1: Literature by Subcategory
Explore More
Trending Topics
Harry Potter
Disney
Marvel
Anime
Kpop
NBA
Crossword
Song
The Office
Country
WWE
Pokémon
NFL
Soccer
Puzzle
hide this ad
More By:
siobhangraham
Quiz
Plays
Rating
Category
Featured
Created
Difficult Harry Potter Trivia
599
2.75
Literature
Jun 18, 2017
LOTR: Sam's Speech in Osgiliath
532
4.75
Movies
Jun 18, 2017
SOTL - Alanna Trivia 1
83
3.00
Literature
Jun 18, 2017
Go to Creator's Profile
Score Distribution
Quiz Creator Spotlight
siobhangraham
Follow
Send a Message
Quizzes Created
-
Created Quiz Play Count
-
More By This Creator
Popular Quizzes Today
1
Find the Countries of Europe - No Outlines Minefield
2
Find the US States - No Outlines Minefield
3
The Countries of the World
4
Popular People in 1961
5
US States
6
Find the US States
7
1-10 Letter E Words III
8
Risky Map Clicking: Biggest States A-Z
More Literature Quizzes
Clickable Sporcle Quiz Show: Literature
Published
Trending Quizzes
Risky Map Clicking: Least Populous States A-Z
1-10 Letter F Words
1-10 Letter G Words
Not Quite an Element Typing Challenge
One Thing in Common: United Kingdom
Recently Updated
Leaping Animals
pecheneg
Reality TV Shows (A-Z)
bhenderson79
Rickey Henderson's Hall of Fame Teammates
pecheneg
Champions League XIs: Arsenal
pecheneg
Quick Pick: Celebrities in WWE's Hall of Fame
aduchscher
A-Z Keypad Blitz II
pecheneg
Multiple Oscar Actors
pecheneg
Mystery Phrase Blitz: Oscar 'Best Actors'
pecheneg
F. Scott Fitzgerald Novels
LTH
Pick 3 Villains
ddd62291
Trending Topics
Anime
Kpop
NBA
Crossword
Disney
Harry Potter
Marvel
WWE
Country
The Office
Soccer
Pokémon
NFL
Song
Puzzle
Your Account Isn't Verified!
In order to create a playlist on Sporcle, you need to verify the email address you used during registration. Go to your
Sporcle Settings
to finish the process.
Report this User
Report this user for behavior that violates our
Community Guidelines
.
Details:
Send Report
Go to the Sporcle.com Mobile Site →
Comments